000 00437nam a22001577a 4500
003 OSt
008 200709b ||||| |||| 00| 0 eng d
082 _a610.28 PAP
100 _aParashar, Bharat
245 _aPharmaceutical Engineering
250 _a2019
260 _aN Delhi
_bNirali Prakashan
_c2019
300 _aI.2
650 _aPharmaceutics- Drug Delivery Systems,Pharmaceutical Engineering regulraty Science
942 _2ddc
_cBK
999 _c8744
_d8744